000 02505nam a2200397 i 4500
001 193208
003 SpMaBN
005 20250804062654.0
007 ta
008 231004s2018 sp | |||| 000 f spa
017 _aB 23197-2018
_bOficina Depósito Legal Barcelona
020 _a9788432234446
035 _a(OCoLC)1091709581
035 _aa6419155
040 _aSpMaBN
_bspa
_cSpMaBN
_erda
_dES-MaACL
080 _a821.134.2-31"19"
100 1 _aMontero, Rosa,
_d1951-
_0XX968899
_eaut
_982503
245 1 4 _aLos tiempos del odio :
_b[sin amor no merece la pena vivir] /
_cRosa Montero
250 _aPrimera edición: noviembre de 2018
264 1 _a[Barcelona] :
_bSeix Barral,
_c2018
300 _a399 páginas ;
_c23 cm
336 _aTexto
_2rdacontent
337 _asin mediación
_2rdamedia
338 _avolumen
_2rdacarrier
490 1 _aBiblioteca furtiva
530 _3Independiente, poco sociable, intuitiva y poderosa, la detective replicante Bruna Husky sólo tiene un punto vulnerable: su gran corazón. Cuando el inspector Lizard desaparece sin dejar rastro, la detective se lanza a una búsqueda desesperada y contrarreloj del policía. Su investigación la lleva a una colonia remota de Nuevos Antiguos, una secta que reniega de la tecnología, así como a rastrear los orígenes de una oscura trama de poder que se remonta al siglo xvi. Mientras tanto, la situación del mundo se hace más y más convulsa, la crispación populista aumenta y la guerra civil parece inevitable. Bruna tendrá que hacer frente a su mayor temor, la muerte, en una historia que es un certero y deslumbrante retrato de los tiempos en que vivimos. Los tiempos del odio es una novela intensa y de acción trepidante, en la que están presentes los grandes temas de Rosa Montero: el paso del tiempo, la necesidad de los otros para que la vida merezca la pena, la pasión como rebelión frente a la muerte, los excesos del poder y el horror de los dogmas.
655 0 _aNovelas
_9234319
830 _9224604
_aBiblioteca furtiva
852 _aES-MaACL
_bR.154573
_9200589
_jN-9395
_cDEPOJ
_fDonación: Rosa Montero
_gDedicatoria autógrafa de la autora
_xEncuadernación rústica con solapas (incluye faja)
903 _aMontero, Rosa,
_d1951-
_ednr
_982503
942 _n0
_cMONOGRAFIA
999 _c193208
_d193208